| 000 | 01391nam a2200361 a 4500 | ||
|---|---|---|---|
| 999 |
_c201342 _d201342 |
||
| 003 | BLK | ||
| 005 | 20250225111340.0 | ||
| 008 | 180411b bul|||||r ||||||| ||bul|| | ||
| 010 | _aKNG00210777000 | ||
| 020 | _a978-619-150-974-4 | ||
| 040 | _aBLK | ||
| 041 |
_aBUL _cBUL |
||
| 072 | 7 |
_2bullib _aН83 _xЧужда художествена литература Н |
|
| 080 |
_aФренска литература _b821.133.1 _x-31 _z821.133.1-31 |
||
| 100 |
_aАрагон, Луи _d3.Х.1897 - 24.ХІІ.1982 _gФренски писател, посетил Русе през 1947 г. _qАндрийо, Луи-Мари _9376205 |
||
| 139 |
_aАрагон, Луи _bА 80 |
||
| 245 | 1 | 0 |
_aОрелиен _bРоман _cЛуи Арагон; прев. от фр. Пенка Пройкова. |
| 257 | _aFRA | ||
| 260 |
_aСофия _bКолибри _c2017 _fСофия : Инвестпрес |
||
| 300 |
_a582 с. _c22 см |
||
| 380 | _aX | ||
| 490 |
_aМодерна класика _9202761 |
||
| 500 | _aОриг. загл.: Aurelien / Louis Aragon | ||
| 659 | _aН | ||
| 700 | 1 |
_aПройкова, Пенка _eпрев. от фр. _9368596 |
|
| 852 | _aЦб 286741 | ||
| 856 | 4 | _qpdf | |
| 856 | 4 | _qpdf | |
| 942 |
_cKNG _n0 _s1 _015 |
||
| 944 |
_aCR _c07.08.2017 _k30576 _lЦветомила Тодорова |
||
| 944 |
_aED _c29.08.2017 _kГрета_Цуфелде |
||
| 999 | _d201342 | ||